| 000 | 01065cam a22003132 4500 | ||
|---|---|---|---|
| 001 | 10173 | ||
| 003 | BD-RjUL | ||
| 005 | 20211208234915.0 | ||
| 008 | 140123s1949 nyu b 000 0 eng | ||
| 035 |
_aOCLC ocm00582901 from D970923M _a(BD-RjUL010221 |
||
| 040 |
_aDLC _cWSU _dOCL _dSER _dEQO _dBD-RjUL _beng |
||
| 041 | _aeng | ||
| 082 |
_a546.11 _bBIB |
||
| 100 | 1 |
_aKimball, Alice H. _931407 |
|
| 245 | 1 | 0 |
_aBibliography of research on heavy hydrogen compounds / _ced. by Harold C. Urey and Isidor Kirschenbaum. |
| 250 | _a1st ed. | ||
| 260 |
_aNew York : _bMcGraw-Hill Book Co., _c1949. |
||
| 300 |
_axv, 350 p. ; _c24 cm. |
||
| 490 | 1 |
_aNational nuclear energy series. Division III, Manhattan Project technical section. _vv. 4 C |
|
| 504 | _aIncludes index. | ||
| 650 | 0 |
_aHydrogen _xIsotopes _xBibliography. _931408 |
|
| 650 | 0 |
_aDeuterium _xBibliography. _931409 |
|
| 830 | 0 |
_vv. 4 C _939500 |
|
| 740 | 0 | 1 | _aHeavy hydrogen compounds. |
| 830 | 0 |
_aNational nuclear energy series. _939501 |
|
| 942 |
_2ddc _cBK |
||
| 999 |
_c10173 _d10173 |
||